000 00390pam a2200157 a 4500
020 _a0781789567
_c
041 _h
082 _a617.3
_bWEI / BUC
100 _aWEINSTEIN S.; BUCKWALTER J.A.
245 _aTUREK`S ORTHOPAEDICS: PRIN. AND THEIR APPLICATION
_hTextual Documents
250 _a6 ED.
260 _bLWW
_c2008
300 _a761:
_bXXV;
_cHB.
930 _a4461
999 _c798992
_d798992
650 _aORTHO